| 000 | 00411nam a22001577a 4500 | ||
|---|---|---|---|
| 003 | SGT | ||
| 020 | _a9789354661310 | ||
| 082 |
_a615.7 _bB24G |
||
| 100 | _aGHANGAS, JYOTI | ||
| 245 | _aBIOPHARMACEUTICS AND PHARMACOKINETICS | ||
| 260 |
_aNEW DELHI _bCBS PUBLISHER _c2024 |
||
| 300 | _a156 | ||
| 650 | _aBIOPHARMACEUTICS AND PHARMACOKINETICS | ||
| 653 | _aBIOPHARMACEUTICS , PHARMACOKINETICS | ||
| 942 |
_2ddc _cBK |
||
| 999 |
_c27092 _d27092 |
||